[Event "Gibraltar Masters 10th"]
[Site "Caleta"]
[Date "2012.01.24"]
[Round "1"]
[White "Molner, Mackenzie"]
[Black "Valgmae, Toomas"]
[Result "0-1"]
[WhiteElo "2449"]
[BlackElo "2208"]
[PlyCount "87"]
[EventDate "2012.01.24"]
[EventType "swiss"]
[EventRounds "10"]
[EventCountry "ENG"]
[SourceTitle "CBM 147"]
[Source "ChessBase"]
[SourceDate "2012.03.16"]

1. e4 c6 2. d4 d5 3. e5 Bf5 4. Nf3 e6 5. Be2 Ne7 6. O-O c5 7. Na3 Nbc6 8. c4 a6
9. dxc5 d4 10. Qa4 Ng6 11. Rd1 d3 12. Be3 Be7 13. Nc2 O-O 14. Bxd3 Bxd3 15.
Nce1 Ncxe5 16. Nxe5 Nxe5 17. Nxd3 Nxd3 18. Qa3 b6 19. Rxd3 Qc8 20. b4 bxc5 21.
Bxc5 Bxc5 22. bxc5 Ra7 23. Rad1 Rc7 24. h3 g6 25. Qb2 Rxc5 26. Qf6 Rf5 27. Qh4
Qc5 28. Rd7 g5 29. Qd4 Rc8 30. Qb2 Qe5 31. Qc2 h5 32. R7d4 Kg7 33. Re4 Qc5 34.
Rd7 Qc6 35. Qc3+ Kg6 36. Qd4 h4 37. Rd6 Qb7 38. Rb6 Qc7 39. Rxa6 Rb8 40. Re1
Rf4 41. Qd3+ Kh6 42. Re4 Rd8 43. Qe2 Rxe4 44. Qxe4 0-1

[Event "Gibraltar Masters 10th"]
[Site "Caleta"]
[Date "2012.01.26"]
[Round "3"]
[White "Molner, Mackenzie"]
[Black "Weeramantry, Sunil"]
[Result "1-0"]
[WhiteElo "2449"]
[BlackElo "2183"]
[PlyCount "123"]
[EventDate "2012.01.24"]
[EventType "swiss"]
[EventRounds "10"]
[EventCountry "ENG"]
[SourceTitle "CBM 147"]
[Source "ChessBase"]
[SourceDate "2012.03.16"]

1. e4 c5 2. Nf3 Nc6 3. d4 cxd4 4. Nxd4 g6 5. c4 Nf6 6. Nc3 Bg7 7. Be3 d6 8. Be2
O-O 9. O-O Nxd4 10. Bxd4 Re8 11. Qd2 Be6 12. Rad1 Nd7 13. Bxg7 Kxg7 14. f4 f6
15. Kh1 Qa5 16. b3 a6 17. Qb2 Rac8 18. Nd5 Bxd5 19. Rxd5 Qc7 20. Rfd1 Rcd8 21.
Qd2 Nb6 22. Rd4 Rb8 23. Bg4 Nc8 24. Rd3 Na7 25. Qf2 Nc6 26. Qh4 Rh8 27. Be6 Nd8
28. Qh3 Qa5 29. Bd5 Qc7 30. Be6 Rf8 31. Rd5 Nf7 32. Qc3 b5 33. Rc1 b4 34. Qd2
Rfd8 35. Rd1 Re8 36. Bxf7 Kxf7 37. e5 dxe5 38. fxe5 Rb6 39. exf6 Rxf6 40. Qxb4
Qf4 41. h3 Rb8 42. Qd2 Rbb6 43. Qxf4 Rxf4 44. Kh2 Kf6 45. Kg3 g5 46. R1d3 h5
47. Rf3 e5 48. Kf2 Kf5 49. g3 Rxf3+ 50. Kxf3 g4+ 51. hxg4+ hxg4+ 52. Ke3 Rh6
53. c5 Rh1 54. b4 Rb1 55. c6 Rxb4 56. Rc5 Rb8 57. c7 Rc8 58. Rc6 a5 59. a4 e4
60. Kd4 e3 61. Kxe3 Ke5 62. Rc4 1-0

[Event "Gibraltar Masters 10th"]
[Site "Caleta"]
[Date "2012.01.27"]
[Round "4"]
[White "Fridman, Daniel"]
[Black "Molner, Mackenzie"]
[Result "1/2-1/2"]
[WhiteElo "2660"]
[BlackElo "2449"]
[PlyCount "75"]
[EventDate "2012.01.24"]
[EventType "swiss"]
[EventRounds "10"]
[EventCountry "ENG"]
[SourceTitle "CBM 147"]
[Source "ChessBase"]
[SourceDate "2012.03.16"]

1. Nf3 c5 2. c4 Nc6 3. Nc3 Nf6 4. g3 d5 5. cxd5 Nxd5 6. Bg2 g6 7. d3 Bg7 8. Bd2
O-O 9. Qc1 b6 10. h4 Bb7 11. h5 Nxc3 12. bxc3 Ne5 13. Nh4 Bxg2 14. Nxg2 Qd5 15.
Kf1 Rfd8 16. Bh6 Bf6 17. hxg6 hxg6 18. Bg5 Bxg5 19. Qxg5 Nc6 20. Qh4 Qe5 21.
Rc1 Qf6 22. Qh7+ Kf8 23. Ne3 e6 24. f4 Ke7 25. Ng4 Qh8 26. Kf2 Qxh7 27. Rxh7
Rh8 28. Rch1 Rxh7 29. Rxh7 b5 30. Ke3 b4 31. Kd2 a5 32. Kc2 a4 33. Nh6 Rf8 34.
e4 a3 35. Ng4 Rb8 36. Nh6 Rf8 37. Ng4 Rb8 38. Nh6 1/2-1/2

[Event "Gibraltar Masters 10th"]
[Site "Caleta"]
[Date "2012.01.28"]
[Round "5"]
[White "Molner, Mackenzie"]
[Black "Mozelius, Peter"]
[Result "1-0"]
[WhiteElo "2449"]
[BlackElo "1869"]
[PlyCount "57"]
[EventDate "2012.01.24"]
[EventType "swiss"]
[EventRounds "10"]
[EventCountry "ENG"]
[SourceTitle "CBM 147"]
[Source "ChessBase"]
[SourceDate "2012.03.16"]

1. e4 g6 2. d4 Bg7 3. Nc3 d6 4. f4 a6 5. Nf3 Nd7 6. Bd3 c5 7. d5 b5 8. a4 b4 9.
Ne2 Qc7 10. c4 a5 11. O-O Nh6 12. h3 f5 13. exf5 Nxf5 14. Bxf5 gxf5 15. Ng3 Nf6
16. Nh4 Ne4 17. Qh5+ Kd8 18. Ngxf5 Bd4+ 19. Kh2 Nf6 20. Qf3 e6 21. dxe6 Bb7 22.
Qd1 Rg8 23. Be3 Qc6 24. Rf3 Qc7 25. Bxd4 cxd4 26. Qxd4 Ne4 27. Re1 d5 28. Rxe4
Ke8 29. cxd5 1-0

[Event "Gibraltar Masters 10th"]
[Site "Caleta"]
[Date "2012.01.29"]
[Round "6"]
[White "Nabaty, Tamir"]
[Black "Molner, Mackenzie"]
[Result "1-0"]
[WhiteElo "2563"]
[BlackElo "2449"]
[PlyCount "133"]
[EventDate "2012.01.24"]
[EventType "swiss"]
[EventRounds "10"]
[EventCountry "ENG"]
[SourceTitle "CBM 147"]
[Source "ChessBase"]
[SourceDate "2012.03.16"]

1. Nf3 c5 2. c4 Nc6 3. d4 cxd4 4. Nxd4 Nf6 5. Nc3 e6 6. Ndb5 d5 7. Bf4 e5 8.
cxd5 exf4 9. dxc6 bxc6 10. Qxd8+ Kxd8 11. Rd1+ Bd7 12. Nd6 Bxd6 13. Rxd6 Rb8
14. Rd2 Re8 15. g3 Kc7 16. Bg2 Bf5 17. gxf4 Nh5 18. Rd4 Rxb2 19. O-O Nf6 20.
Rc1 Rd8 21. Nb5+ Kb6 22. Nd6 Rb1 23. Rxb1+ Bxb1 24. Nc4+ Kc7 25. Rxd8 Kxd8 26.
a3 c5 27. Ne5 Kc7 28. Kf1 Ba2 29. Ke1 Nd7 30. Nc6 a6 31. Kd2 Kd6 32. Na5 f6 33.
Be4 Kc7 34. Bd3 Kb6 35. Nc4+ Bxc4 36. Bxc4 a5 37. Be6 Nf8 38. f5 Kc6 39. Kc3 g5
40. Kc4 h5 41. Bf7 h4 42. Be8+ Kd6 43. Kb5 Ke7 44. Bh5 Nd7 45. Kxa5 Ne5 46. Kb5
Kd6 47. a4 c4 48. Kb4 Kd5 49. Be8 Kd6 50. a5 Kc7 51. f3 g4 52. fxg4 Nxg4 53. e4
Nxh2 54. Bh5 Nf1 55. e5 Ne3 56. Bf3 Nxf5 57. exf6 Nd6 58. Bd5 Kd7 59. f7 Ke7
60. a6 Nc8 61. Be6 Nb6 62. a7 h3 63. Bxh3 Kxf7 64. Kb5 c3 65. Bf5 Na8 66. Kc6
Kf6 67. Bc2 1-0

[Event "Gibraltar Masters 10th"]
[Site "Caleta"]
[Date "2012.01.30"]
[Round "7"]
[White "Molner, Mackenzie"]
[Black "Scheckenbach, Franz"]
[Result "1-0"]
[WhiteElo "2449"]
[BlackElo "2182"]
[PlyCount "35"]
[EventDate "2012.01.24"]
[EventType "swiss"]
[EventRounds "10"]
[EventCountry "ENG"]
[SourceTitle "CBM 147"]
[Source "ChessBase"]
[SourceDate "2012.03.16"]

1. d4 d5 2. c4 e6 3. Nc3 c5 4. cxd5 exd5 5. Nf3 Nc6 6. dxc5 d4 7. Na4 b5 8.
cxb6 axb6 9. e3 Bb4+ 10. Bd2 dxe3 11. Bxb4 exf2+ 12. Kxf2 Qxd1 13. Rxd1 Rxa4
14. Bc3 Nge7 15. Bb5 Rf4 16. Rd6 Bb7 17. Bxg7 Rg8 18. Bf6 1-0

[Event "Gibraltar Masters 10th"]
[Site "Caleta"]
[Date "2012.01.31"]
[Round "8"]
[White "David, Alberto"]
[Black "Molner, Mackenzie"]
[Result "1/2-1/2"]
[WhiteElo "2598"]
[BlackElo "2449"]
[PlyCount "93"]
[EventDate "2012.01.24"]
[EventType "swiss"]
[EventRounds "10"]
[EventCountry "ENG"]
[SourceTitle "CBM 147"]
[Source "ChessBase"]
[SourceDate "2012.03.16"]

1. d4 f5 2. Nc3 Nf6 3. Bg5 d5 4. e3 e6 5. Nf3 Be7 6. Bd3 O-O 7. O-O Nbd7 8. Ne2
Qe8 9. c4 h6 10. Bf4 c6 11. cxd5 Nxd5 12. h3 Nxf4 13. Nxf4 Bd6 14. Bc4 Nb6 15.
Bb3 Nd5 16. Nd3 b6 17. Re1 Bb7 18. Rc1 Rc8 19. Nfe5 c5 20. dxc5 bxc5 21. a3 Qe7
22. Qh5 Ba8 23. Bc4 Qb7 24. Nf3 Kh8 25. Red1 Nf6 26. Qh4 Ne4 27. Bxe6 Rce8 28.
Bc4 Ng5 29. Nde1 Be7 30. Qf4 Nxf3+ 31. Nxf3 Bg5 32. Qd6 f4 33. Bd5 Qxb2 34. e4
Bxd5 35. Qxd5 Qxa3 36. Nxg5 hxg5 37. Qxg5 f3 38. Rd7 Qb2 39. Rxc5 fxg2 40. Qh4+
Kg8 41. Rcc7 Re6 42. Rxg7+ Qxg7 43. Rxg7+ Kxg7 44. f4 Rxe4 45. Qg5+ Kh7 46.
Qh5+ Kg7 47. Qg5+ 1/2-1/2

[Event "Gibraltar Masters 10th"]
[Site "Caleta"]
[Date "2012.02.01"]
[Round "9"]
[White "Molner, Mackenzie"]
[Black "Parligras, Mircea Emilian"]
[Result "0-1"]
[WhiteElo "2449"]
[BlackElo "2650"]
[Annotator "Let's Check Training"]
[PlyCount "124"]
[EventDate "2012.01.24"]
[EventType "swiss"]
[EventRounds "10"]
[EventCountry "ENG"]
[SourceTitle "CBM 147"]
[Source "ChessBase"]
[SourceDate "2012.03.16"]

1. e4 c5 2. Nf3 d6 3. d4 cxd4 4. Nxd4 Nf6 5. Nc3 a6 6. Bg5 Nbd7 7. f4 Qc7 8.
Qf3 h6 9. Bxf6 Nxf6 10. f5 Qc5 11. O-O-O g5 12. e5 Qxe5 13. g3 g4 14. Qd3 h5
15. Bg2 Bh6+ 16. Kb1 Be3 {[%tqu ]} 17. Nc6 $1 Qc5 $6 (17... bxc6 18. Bxc6+ Kf8
$16) 18. Nxe7 $6 (18. Na4 Bxf5 19. Nxc5 $18) 18... Kxe7 $16 19. Rhe1 Bxf5 20.
Rxe3+ Kf8 21. Qxd6+ Qxd6 22. Rxd6 Ne8 23. Rd4 Rb8 24. Re5 Be6 25. Ne4 b6 26.
Ng5 Rh6 27. h3 gxh3 28. Bxh3 Bxh3 29. Nxh3 Rb7 30. Nf4 Re7 31. Rxe7 Kxe7 32.
Nd5+ Kf8 33. c4 Ng7 34. Kc2 Nf5 35. Rd3 Rc6 36. b3 b5 37. Kc3 bxc4 38. bxc4 Nd6
39. Nf4 Nxc4 40. Rd8+ Ke7 41. Rh8 Nd6+ 42. Kd3 Nf5 43. Nxh5 Rg6 44. Ke4 Nxg3+
45. Nxg3 Rxg3 46. Rh2 Ke6 47. Kf4 Ra3 48. Rd2 Ra4+ 49. Kf3 $2 (49. Kg3 f6 50.
Rf2 $15) 49... Ke5 $19 50. Re2+ Kf5 51. Rc2 Ra3+ 52. Kf2 Kg4 53. Rc4+ Kg5 54.
Rc2 f5 55. Kg2 Kg4 56. Kf2 f4 57. Kg2 a5 58. Kf2 a4 59. Kg2 Rd3 60. Kf2 a3 61.
Ke2 Rh3 62. Kf1 Rh1+ 0-1

[Event "Gibraltar Masters 10th"]
[Site "Caleta"]
[Date "2012.02.02"]
[Round "10"]
[White "Piasetski, Leon David"]
[Black "Molner, Mackenzie"]
[Result "0-1"]
[WhiteElo "2305"]
[BlackElo "2449"]
[PlyCount "126"]
[EventDate "2012.01.24"]
[EventType "swiss"]
[EventRounds "10"]
[EventCountry "ENG"]
[SourceTitle "CBM 147"]
[Source "ChessBase"]
[SourceDate "2012.03.16"]

1. d4 Nf6 2. Nf3 e6 3. e3 c5 4. Bd3 b6 5. O-O Bb7 6. Nbd2 Nc6 7. c3 Be7 8. Qe2
O-O 9. a3 a5 10. b3 d5 11. Bb2 Re8 12. c4 cxd4 13. exd4 a4 14. b4 dxc4 15. Nxc4
Nd5 16. Qe4 g6 17. b5 Na7 18. Nce5 f5 19. Qe1 Nf4 20. Bc4 Bd5 21. Bc1 Nh5 22.
Bd3 Bf6 23. Qe2 Qe7 24. h3 Qb7 25. g4 Ng7 26. Bd2 Rf8 27. Rfc1 Be7 28. Ne1 Rad8
29. Nc2 fxg4 30. hxg4 Bh1 31. Ne1 Bh4 32. Be3 Bd5 33. Nc2 Bf6 34. Ne1 Nc8 35.
Nc6 Rde8 36. Nc2 Bh4 37. Qf1 g5 38. N2b4 Bf3 39. Qh3 Nd6 40. Bxh7+ Kxh7 41.
Bxg5 Bxg4 42. Qxh4+ Bh5 43. Rc3 Nxb5 44. Rh3 Rf5 45. Qg4 Qf7 46. Ne5 Kg8 47.
Qg2 Qf8 48. Nbc6 Nd6 49. f4 Nf7 50. Nxf7 Qxf7 51. Rc1 Qd7 52. Qh2 Bg6 53. Rh8+
Kf7 54. Nd8+ Rxd8 55. Rxd8 Rxg5+ 56. fxg5 Qxd8 57. Rc7+ Kg8 58. Qe5 Qf8 59. Rb7
Be8 60. d5 Qc5+ 61. Kf1 Bb5+ 62. Ke1 Qc1+ 63. Kf2 Qf1+ 0-1

[Event "Tempe ACE-ch 1st"]
[Site "Tempe"]
[Date "2012.03.03"]
[Round "2"]
[White "Ginsburg, Mark"]
[Black "Molner, Mackenzie"]
[Result "1/2-1/2"]
[WhiteElo "2358"]
[BlackElo "2465"]
[PlyCount "43"]
[EventDate "2012.03.02"]
[EventType "tourn"]
[EventRounds "5"]
[EventCountry "USA"]
[EventCategory "4"]
[SourceTitle "CBM 147 Extra"]
[Source "ChessBase"]
[SourceDate "2012.04.24"]

1. d4 Nf6 2. Nf3 d5 3. c4 dxc4 4. e3 Be6 5. Na3 c5 6. Bxc4 Bxc4 7. Nxc4 cxd4 8.
O-O g6 9. Qb3 Qd5 10. Nxd4 Bg7 11. Nb5 Qc5 12. Bd2 O-O 13. Rac1 Nc6 14. Ncd6
Qb6 15. Nc4 Qd8 16. Rfd1 Qb8 17. Bc3 Rc8 18. h3 b6 19. Nd4 Qb7 20. Nxc6 Qxc6
21. Ne5 Qe8 22. Bd4 1/2-1/2

[Event "Tempe ACE-ch 1st"]
[Site "Tempe"]
[Date "2012.03.03"]
[Round "3"]
[White "Molner, Mackenzie"]
[Black "Rensch, Daniel"]
[Result "1/2-1/2"]
[WhiteElo "2465"]
[BlackElo "2413"]
[PlyCount "104"]
[EventDate "2012.03.02"]
[EventType "tourn"]
[EventRounds "5"]
[EventCountry "USA"]
[EventCategory "4"]
[SourceTitle "CBM 147 Extra"]
[Source "ChessBase"]
[SourceDate "2012.04.24"]

1. e4 c5 2. Nf3 d6 3. d4 cxd4 4. Nxd4 Nf6 5. Nc3 a6 6. Bg5 e6 7. f4 Qb6 8. Qd3
Nc6 9. Bxf6 gxf6 10. Nb3 Bd7 11. O-O-O O-O-O 12. Kb1 Kb8 13. Be2 h5 14. Qh3 h4
15. Rhf1 Rc8 16. f5 Ne5 17. fxe6 fxe6 18. Rxf6 Bg7 19. Rf4 Ng6 20. Rf7 Bxc3 21.
Rxd7 Be5 22. Rf7 Nf4 23. Qf3 Nxe2 24. Qxe2 Bxh2 25. Qf2 Qxf2 26. Rxf2 Rcg8 27.
Nd4 Rg6 28. c3 Rhg8 29. Rh1 Bg3 30. Re2 Rf8 31. Kc2 Kc7 32. Kd3 Kd7 33. a4 Bf2
34. Rh2 Bg3 35. Rh1 Bf2 36. Rh2 Bxd4 37. Kxd4 Rg4 38. Kd3 Rf1 39. a5 Kc6 40.
Rh3 e5 41. Kc2 Rg1 42. Kb3 R1xg2 43. Rxg2 Rxg2 44. Rxh4 Rf2 45. Rh1 Re2 46. Rh4
Rf2 47. Rh1 Re2 48. Rh4 Re1 49. Kc4 Re3 50. b3 Rf3 51. Rh7 Rg3 52. Rh4 Re3
1/2-1/2

[Event "Tempe ACE-ch 1st"]
[Site "Tempe"]
[Date "2012.03.04"]
[Round "4"]
[White "Atoufi, Pedram"]
[Black "Molner, Mackenzie"]
[Result "0-1"]
[WhiteElo "2279"]
[BlackElo "2465"]
[PlyCount "70"]
[EventDate "2012.03.02"]
[EventType "tourn"]
[EventRounds "5"]
[EventCountry "USA"]
[EventCategory "4"]
[SourceTitle "CBM 147 Extra"]
[Source "ChessBase"]
[SourceDate "2012.04.24"]

1. e4 c5 2. Nf3 d6 3. c3 Nf6 4. Bd3 Bg4 5. Bc2 Nc6 6. h3 Bh5 7. d3 e6 8. Nbd2
Be7 9. Nf1 O-O 10. Ng3 Bg6 11. Nh4 d5 12. Nxg6 hxg6 13. Qe2 Qc7 14. f4 g5 15.
e5 Nd7 16. d4 cxd4 17. O-O gxf4 18. Bxf4 Ndxe5 19. cxd4 Nxd4 20. Bh7+ Kxh7 21.
Qh5+ Kg8 22. Bxe5 Qb6 23. Kh1 f5 24. Qg6 Bf6 25. Bf4 Nc6 26. Nh5 e5 27. Bh6 Ne7
28. Qg3 Rf7 29. Be3 f4 30. Bxb6 fxg3 31. Bc5 Bh4 32. Rxf7 Kxf7 33. Rf1+ Kg6 34.
Nxg3 Bxg3 35. Bxe7 Rc8 0-1

[Event "Tempe ACE-ch 1st"]
[Site "Tempe"]
[Date "2012.03.04"]
[Round "5"]
[White "Molner, Mackenzie"]
[Black "Mohandesi, Shahin"]
[Result "1-0"]
[WhiteElo "2465"]
[BlackElo "2164"]
[Annotator "Mac"]
[PlyCount "142"]
[EventDate "2012.03.02"]
[EventType "tourn"]
[EventRounds "5"]
[EventCountry "USA"]
[EventCategory "4"]
[SourceTitle "CBM 147 Extra"]
[Source "ChessBase"]
[SourceDate "2012.04.24"]

1. e4 c5 2. Nf3 Nc6 3. d4 cxd4 4. Nxd4 Nf6 5. Nc3 d6 6. Bg5 e6 7. Qd2 a6 8.
O-O-O Bd7 9. f3 Be7 10. h4 b5 11. Nxc6 Bxc6 12. g4 O-O 13. Bd3 b4 14. Ne2 Qa5
15. Kb1 Bb5 16. Nd4 Bxd3 17. Nc6 Bxc2+ 18. Qxc2 Qc7 19. f4 Rfc8 20. Rc1 Bf8 21.
Bxf6 gxf6 22. g5 Bg7 23. Ne7+ Qxe7 24. Qxc8+ Rxc8 25. Rxc8+ Bf8 26. gxf6 Qa7
27. Rhc1 (27. h5 h6 28. Rhc1) 27... h5 28. Rxf8+ Kh7 29. f5 exf5 30. exf5 Qd7
31. Ka1 Qxf5 32. Rxf7+ Kg6 33. Rf8 Qf2 34. Rg8+ Kh6 35. Rh8+ Kg6 36. Rg8+ Kh6
37. Ra8 Qxf6 38. Rxa6 Qd4 39. Rac6 Kg6 40. R6c4 Qd2 41. R4c2 Qd4 42. Rf1 Qd5
43. Rcf2 Qd4 44. Rf4 Qd2 45. Rf6+ Kg7 46. Rf7+ Kg8 47. R7f5 Qe2 48. Rg1+ Kh7
49. Rd5 b3 50. a3 Qf3 51. Rxd6 Qf2 52. Rd7+ Kh6 53. Rc1 Qf6 54. Rb7 Kg6 55.
Rxb3 Qf2 56. Rb4 Kf5 57. Rcc4 Ke5 58. Rb5+ Kd6 59. Ka2 Qe2 60. Rbc5 Qf3 61.
Rc6+ Kd7 62. a4 Qd5 63. Rc7+ Kd6 64. R7c6+ Kd7 65. R6c5 Qg8 66. a5 Kd6 67. Ka3
Qg3+ 68. Ka4 Qe1 69. b4 Qa1+ 70. Kb5 Qh1 71. a6 Qa8 1-0

[Event "Saint Louis 2nd"]
[Site "Saint Louis"]
[Date "2012.04.09"]
[Round "1"]
[White "Molner, Mackenzie"]
[Black "Brooks, Michael A"]
[Result "1/2-1/2"]
[WhiteElo "2465"]
[BlackElo "2456"]
[PlyCount "36"]
[EventDate "2012.04.09"]
[EventType "tourn"]
[EventRounds "9"]
[EventCountry "USA"]
[EventCategory "10"]
[SourceTitle "CBM 147 Extra"]
[Source "ChessBase"]
[SourceDate "2012.04.24"]

1. e4 e5 2. Nf3 Nc6 3. Bc4 d6 4. Nc3 Be7 5. d3 h6 6. Be3 Nf6 7. h3 Na5 8. Qe2
O-O 9. O-O c6 10. Bb3 b5 11. a3 Nxb3 12. cxb3 a5 13. Qc2 Bb7 14. b4 Re8 15.
bxa5 Rxa5 16. b4 Ra6 17. a4 bxa4 18. Rxa4 Qd7 1/2-1/2

[Event "Saint Louis 2nd"]
[Site "Saint Louis"]
[Date "2012.04.10"]
[Round "2"]
[White "Yang, Darwin"]
[Black "Molner, Mackenzie"]
[Result "1/2-1/2"]
[WhiteElo "2448"]
[BlackElo "2465"]
[PlyCount "116"]
[EventDate "2012.04.09"]
[EventType "tourn"]
[EventRounds "9"]
[EventCountry "USA"]
[EventCategory "10"]
[SourceTitle "CBM 147 Extra"]
[Source "ChessBase"]
[SourceDate "2012.04.24"]

1. d4 Nf6 2. c4 e6 3. Nc3 Bb4 4. e3 c5 5. Bd3 O-O 6. Nf3 d5 7. O-O Nc6 8. a3
Bxc3 9. bxc3 Qc7 10. h3 Na5 11. cxd5 exd5 12. dxc5 Qxc5 13. a4 Re8 14. Ba3 Qc7
15. Nd4 Bd7 16. Bb4 Nc4 17. Nb5 Bxb5 18. axb5 Ne4 19. Bxc4 dxc4 20. Qe2 Qe5 21.
Rfd1 Qxb5 22. Ra5 Qc6 23. Rd4 b5 24. Qh5 a6 25. Qd5 Qxd5 26. Rxd5 h6 27. Rd1
Rad8 28. Rd4 Rxd4 29. exd4 Ra8 30. d5 f5 31. d6 Nf6 32. Ra2 Nd5 33. Ba5 Ra7 34.
Rd2 Nf6 35. Bc7 Nd7 36. Re2 a5 37. Re7 Nf6 38. d7 Nxd7 39. Rxd7 Kh7 40. Re7 b4
41. Bd6 Rxe7 42. Bxe7 b3 43. Ba3 Kg6 44. Kf1 f4 45. Ke2 Kf5 46. Kd2 g5 47. Bf8
Kg6 48. Kc1 Kh5 49. Kb2 Kg6 50. Ka3 Kh5 51. Bb4 g4 52. hxg4+ Kxg4 53. Bxa5 f3
54. g3 Kf5 55. Bb6 h5 56. Be3 Ke4 57. Kb2 Kd3 58. Bd4 Kd2 1/2-1/2

[Event "Saint Louis 2nd"]
[Site "Saint Louis"]
[Date "2012.04.10"]
[Round "3"]
[White "Molner, Mackenzie"]
[Black "Margvelashvili, Giorgi"]
[Result "1/2-1/2"]
[WhiteElo "2465"]
[BlackElo "2547"]
[PlyCount "78"]
[EventDate "2012.04.09"]
[EventType "tourn"]
[EventRounds "9"]
[EventCountry "USA"]
[EventCategory "10"]
[SourceTitle "CBM 147 Extra"]
[Source "ChessBase"]
[SourceDate "2012.04.24"]

1. e4 c6 2. d4 d5 3. e5 Bf5 4. Nf3 e6 5. Be2 Nd7 6. O-O Ne7 7. Nh4 Be4 8. Nd2
c5 9. c3 Nc6 10. Nxe4 dxe4 11. g3 cxd4 12. cxd4 Nb6 13. Bb5 Be7 14. Ng2 O-O 15.
Bxc6 bxc6 16. Be3 Nd5 17. Qg4 Nxe3 18. fxe3 c5 19. Qxe4 Qb6 20. dxc5 Bxc5 21.
b3 Rad8 22. Rad1 Qa5 23. a4 Bb6 24. Rxd8 Rxd8 25. Qf4 Rf8 26. Rd1 Bc7 27. Qe4
Bxe5 28. Nf4 Bc7 29. Kg2 Bb6 30. h4 Qc3 31. Rd3 Qc1 32. Nh3 g6 33. Nf2 Qc2 34.
Qf3 h5 35. Qd1 Qb2 36. Qf3 Ba5 37. Kh3 Qb1 38. Kg2 Bb6 39. Qf4 Qc2 1/2-1/2

[Event "Saint Louis 2nd"]
[Site "Saint Louis"]
[Date "2012.04.11"]
[Round "4"]
[White "Molner, Mackenzie"]
[Black "Sevillano, Enrico"]
[Result "1-0"]
[WhiteElo "2465"]
[BlackElo "2502"]
[PlyCount "71"]
[EventDate "2012.04.09"]
[EventType "tourn"]
[EventRounds "9"]
[EventCountry "USA"]
[EventCategory "10"]
[SourceTitle "CBM 147 Extra"]
[Source "ChessBase"]
[SourceDate "2012.04.24"]

1. e4 e6 2. d4 d5 3. Nc3 Nf6 4. Bg5 dxe4 5. Nxe4 Nbd7 6. Nf3 Be7 7. Nxf6+ Bxf6
8. Qd2 b6 9. Bb5 Bb7 10. Bxf6 gxf6 11. Qf4 c6 12. Bd3 Qb8 13. Qe3 Qc7 14. O-O-O
O-O-O 15. Rhe1 f5 16. Ng5 Rdf8 17. Bc4 Qxh2 18. Rh1 Qd6 19. Rh6 f4 20. Qh3 Rhg8
21. Ne4 Qe7 22. Rxh7 Rg6 23. Rh6 Nf6 24. Rxg6 Nxe4 25. Qh7 Nxf2 26. Rf1 Qd8 27.
Bxe6+ Kb8 28. Bxf7 Qxd4 29. Rg8 Qe3+ 30. Kb1 Rc8 31. Qh4 Nd3 32. Rxc8+ Bxc8 33.
Bc4 Nxb2 34. Kxb2 Qd4+ 35. Kb3 b5 36. Qxf4+ 1-0

[Event "Saint Louis 2nd"]
[Site "Saint Louis"]
[Date "2012.04.11"]
[Round "5"]
[White "Moradiabadi, Elshan"]
[Black "Molner, Mackenzie"]
[Result "1-0"]
[WhiteElo "2542"]
[BlackElo "2465"]
[PlyCount "85"]
[EventDate "2012.04.09"]
[EventType "tourn"]
[EventRounds "9"]
[EventCountry "USA"]
[EventCategory "10"]
[SourceTitle "CBM 147 Extra"]
[Source "ChessBase"]
[SourceDate "2012.04.24"]

1. d4 Nf6 2. Bf4 g6 3. Nd2 Bg7 4. e4 d6 5. Ngf3 O-O 6. c3 Nh5 7. Bg5 h6 8. Bh4
Qe8 9. Bc4 e5 10. dxe5 dxe5 11. O-O Nc6 12. Re1 Be6 13. Qc2 Bf6 14. Bg3 Rd8 15.
Bxe6 Qxe6 16. Qb3 Qxb3 17. axb3 Nxg3 18. hxg3 Be7 19. b4 a6 20. Nc4 f6 21. g4
Kf7 22. Kf1 Rd7 23. Ke2 Rfd8 24. Rh1 Bf8 25. Ncd2 Rd3 26. Nc4 R3d7 27. Rh3 Ke6
28. Ncd2 Kf7 29. Nb3 Rb8 30. Ne1 Nd8 31. Rd3 Rxd3 32. Nxd3 Ne6 33. g3 Bd6 34.
Ke3 c6 35. Rh1 Kg7 36. Rd1 Kf7 37. Ke2 Re8 38. Na5 Re7 39. Nc1 Bb8 40. Ncb3 Ke8
41. Nc5 Nd8 42. Ncxb7 Nxb7 43. Nxc6 1-0

[Event "Saint Louis 2nd"]
[Site "Saint Louis"]
[Date "2012.04.12"]
[Round "6"]
[White "Molner, Mackenzie"]
[Black "Young, Angelo"]
[Result "1-0"]
[WhiteElo "2465"]
[BlackElo "2321"]
[PlyCount "75"]
[EventDate "2012.04.09"]
[EventType "tourn"]
[EventRounds "9"]
[EventCountry "USA"]
[EventCategory "10"]
[SourceTitle "CBM 147 Extra"]
[Source "ChessBase"]
[SourceDate "2012.04.24"]

1. e4 e6 2. d4 d5 3. Nc3 Nf6 4. e5 Nfd7 5. f4 c5 6. Nf3 a6 7. Be3 Be7 8. Qd2
O-O 9. Be2 Nc6 10. O-O b5 11. Nd1 Rb8 12. Nf2 Kh8 13. c3 c4 14. g4 f6 15. Kg2
b4 16. h4 a5 17. Bd1 Bb7 18. Rh1 a4 19. a3 bxa3 20. bxa3 Na5 21. Ra2 Nb3 22.
Qe2 Qc7 23. Bc2 fxe5 24. fxe5 Ndc5 25. Bg5 Ne4 26. Nxe4 dxe4 27. Bxe4 Bxg5 28.
Nxg5 Rf4 29. Kg3 Bxe4 30. Nxe4 Rbf8 31. Qe3 h6 32. Qxf4 Rxf4 33. Kxf4 Qe7 34.
Ke3 Kh7 35. g5 h5 36. g6+ Kh6 37. Rg2 Qxa3 38. Nd6 1-0

[Event "Saint Louis 2nd"]
[Site "Saint Louis"]
[Date "2012.04.12"]
[Round "7"]
[White "Gerzhoy, Leonid"]
[Black "Molner, Mackenzie"]
[Result "1/2-1/2"]
[WhiteElo "2489"]
[BlackElo "2465"]
[PlyCount "85"]
[EventDate "2012.04.09"]
[EventType "tourn"]
[EventRounds "9"]
[EventCountry "USA"]
[EventCategory "10"]
[SourceTitle "CBM 147 Extra"]
[Source "ChessBase"]
[SourceDate "2012.04.24"]

1. d4 Nf6 2. c4 e6 3. g3 c5 4. d5 exd5 5. cxd5 d6 6. Nc3 g6 7. Bg2 Bg7 8. Nf3
O-O 9. O-O a6 10. a4 Re8 11. Nd2 Nbd7 12. h3 Nh5 13. Nce4 Ndf6 14. Nxf6+ Nxf6
15. Nc4 Ne4 16. Kh2 f5 17. f3 Nf6 18. Bf4 Bf8 19. Qd3 b6 20. e4 Ra7 21. Rfe1
Nh5 22. Bd2 fxe4 23. fxe4 a5 24. e5 dxe5 25. Nxe5 Ba6 26. Qb3 c4 27. Qf3 Qd6
28. Bc3 Rae7 29. Nc6 Rf7 30. Qg4 Bc8 31. Qh4 Rxe1 32. Rxe1 Rf2 33. Ne7+ Bxe7
34. Rxe7 Bb7 35. Re8+ Kf7 36. Rd8 Qxd5 37. Rxd5 Bxd5 38. Kg1 Rxg2+ 39. Kf1
Nxg3+ 40. Ke1 Rg1+ 41. Kf2 Rg2+ 42. Ke1 Rg1+ 43. Kf2 1/2-1/2

[Event "Saint Louis 2nd"]
[Site "Saint Louis"]
[Date "2012.04.13"]
[Round "9"]
[White "Arnold, Marc Tyler"]
[Black "Molner, Mackenzie"]
[Result "1/2-1/2"]
[WhiteElo "2502"]
[BlackElo "2465"]
[PlyCount "48"]
[EventDate "2012.04.09"]
[EventType "tourn"]
[EventRounds "9"]
[EventCountry "USA"]
[EventCategory "10"]
[SourceTitle "CBM 147 Extra"]
[Source "ChessBase"]
[SourceDate "2012.04.24"]

1. d4 Nf6 2. Nf3 e6 3. c4 c5 4. e3 cxd4 5. exd4 b6 6. Nc3 Bb4 7. Bd3 O-O 8. O-O
Ba6 9. Bg5 Bxc3 10. bxc3 h6 11. Bh4 Bb7 12. Nd2 d5 13. Re1 Nbd7 14. cxd5 Bxd5
15. c4 Bb7 16. Nf1 Qc7 17. Ne3 Rfe8 18. Rc1 Rac8 19. Bg3 Qc6 20. Bc2 Ba6 21.
Ba4 Qa8 22. Bh4 Rf8 23. d5 Qb7 24. Ng4 Nxg4 1/2-1/2